00523nam a2200121 a 450000100100000000500170001000800410002704000250006811000530009324501740014626000600032030000210038000003339520200930070229.0110714s1921 dr 000 0 spa d aDO-SdBNPbspacBNPHU1 aRepública DominicanabFomento y Comunicaciones10aMemoria que al Jefe del Gobierno Militar de la República Dominicana, presenta al oficial encargado de la Secretaría de Estado de Fomento y Comunicaciones, 1917-1918. aSanto Domingo :bEl Progreso.. Emiliano Espinal,c1921. a172 p. ;c27 cm.